| 000 | 00477nam a2200157Ia 4500 | ||
|---|---|---|---|
| 008 | 150610s9999 xx 000 0 und d | ||
| 020 | _a9780312380038 | ||
| 050 |
_aPZ10.3 _b.Se48 1960 |
||
| 100 | _aSelden, George | ||
| 245 | 4 |
_aThe cricket in times square / _cby George Selden; illustrated by Garth Williams. |
|
| 260 |
_aNew York : _bSquare Fish, _c1960. |
||
| 300 |
_a132pages ; _c20 cm. |
||
| 520 | _aFiction. | ||
| 650 |
_aCats _xFiction. |
||
| 650 |
_aMice _xFiction. |
||
| 999 |
_c287936 _d287936 |
||